| 000 | 00333nam a22001337a 4500 | ||
|---|---|---|---|
| 082 |
_a894.812 _bCHA/D |
||
| 100 | _aNEHRU | ||
| 245 | _aDESHEEYA VISHAYANGALEPPATTI NEHRUVINTE CHINTHAKAL | ||
| 260 |
_aNEW DELHI _bVARTHA VITHARANA PRAKSHEPANA MANTHRALAYAM _c1911 |
||
| 300 | _a46 | ||
| 520 | _aREFERENCE | ||
| 650 | _aNOVEL | ||
| 942 | _cBK | ||
| 999 |
_c5485 _d5485 |
||